[Event "Collado Villalba 2015 Torneo B"]
[Site "Collado Villalba (ESP)"]
[Date "2015.08.23"]
[Round "2.18"]
[White "Gallego Romero, Manuel"]
[Black "Rodriguez Gomez, Jose"]
[Result "1/2-1/2"]
[WhiteElo "1483"]
[BlackElo "1650"]
[PlyCount "120"]
[EventDate "2015.08.22"]
[EventType "swiss"]
[EventRounds "9"]
[EventCountry "ESP"]
[Source "lmi"]
[SourceDate "2015.08.22"]

1. e4 e5 2. Bc4 Nf6 3. d3 Be7 4. Nf3 Nc6 5. a3 d6 6. h3 a6 7. Nc3 O-O 8. Nd5
Nxd5 9. Bxd5 Nb8 10. b4 c6 11. Ba2 b5 12. Bb2 Nd7 13. O-O Bb7 14. Re1 Nb6 15.
Bb3 a5 16. bxa5 Rxa5 17. d4 Bf6 18. dxe5 dxe5 19. Qxd8 Rxd8 20. Nxe5 Bxe5 21.
Bxe5 Rc8 22. Bc3 Raa8 23. f3 c5 24. Ba2 c4 25. Bb1 Re8 26. Bb4 f5 27. c3 Nd5
28. e5 Nxb4 29. cxb4 g6 30. Bc2 Bc6 31. f4 Kf7 32. Red1 Ke7 33. Kf2 Red8 34. g4
Bd7 35. Kg3 Be6 36. Rg1 Rd2 37. Rgc1 h6 38. gxf5 gxf5 39. a4 bxa4 40. Bxa4 Rg8+
41. Kh4 Rd4 42. Rf1 c3 43. Bc6 Rgd8 44. Ra7+ Bd7 45. b5 Ke6 46. Rc7 Bc8 47. b6
Rb4 48. b7 Bd7 49. Bxd7+ Rxd7 50. Rc6+ Ke7 51. Rxc3 Rdxb7 52. Rg3 R7b5 53. Kh5
Rb6 54. Rg6 Kf7 55. Rxh6 Rxh6+ 56. Kxh6 Rb3 57. Rh1 Rg3 58. Kh5 Ke6 59. Rd1
Rxh3+ 60. Kg5 Rg3+ 1/2-1/2

[Event "Collado Villalba 2015 Torneo B"]
[Site "Collado Villalba (ESP)"]
[Date "2015.08.23"]
[Round "2.19"]
[White "Cortijo Manso, Luis"]
[Black "Medrano Del Val, Julio"]
[Result "0-1"]
[WhiteElo "1529"]
[BlackElo "1825"]
[PlyCount "121"]
[EventDate "2015.08.22"]
[EventType "swiss"]
[EventRounds "9"]
[EventCountry "ESP"]
[Source "lmi"]
[SourceDate "2015.08.22"]

1. Nf3 d5 2. c4 c6 3. cxd5 cxd5 4. g3 Nc6 5. Bg2 Nf6 6. d4 g6 7. O-O Bg7 8. Nc3
O-O 9. Re1 Ne4 10. e3 Nxc3 11. bxc3 Na5 12. Nd2 b5 13. Nb3 Nc4 14. Nc5 e6 15.
e4 Rb8 16. exd5 exd5 17. Rb1 Bf5 18. Ra1 Rb6 19. Qe2 b4 20. g4 Bc8 21. Rb1 bxc3
22. Rxb6 axb6 23. Nb3 Be6 24. h3 Qc8 25. Qc2 Nd6 26. Ba3 Rd8 27. Bb4 Nb5 28.
Rd1 Qc4 29. Be7 Ra8 30. Bf1 Qc7 31. Bxb5 Qxe7 32. Nc1 Ra3 33. Ne2 h5 34. Nxc3
hxg4 35. hxg4 Qb4 36. Nb1 Rf3 37. Be2 Rf4 38. Qd2 Qxd2 39. Rxd2 Bxd4 40. Bd1
Bxg4 41. Bxg4 Rxg4+ 42. Kf1 Rf4 43. Na3 Bc5 44. Nb5 Kg7 45. Nc7 d4 46. Rd3 Re4
47. Nb5 f5 48. Nc7 g5 49. Nd5 Kf7 50. Rb3 Re6 51. Nc7 Rc6 52. Na6 Ke6 53. Rh3
Ke5 54. Rh7 d3 55. Ke1 Kf4 56. Nb8 Bb4+ 57. Kd1 Rd6 58. Rc7 Bc5 59. Na6 Bxf2
60. Nb4 Bc5 61. Na6 0-1

[Event "Collado Villalba 2015 Torneo B"]
[Site "Collado Villalba (ESP)"]
[Date "2015.08.23"]
[Round "2.20"]
[White "Mkrtchyan, Levon"]
[Black "Gonzalez Garcia, Soraya"]
[Result "1-0"]
[WhiteElo "1746"]
[BlackElo "1526"]
[PlyCount "57"]
[EventDate "2015.08.22"]
[EventType "swiss"]
[EventRounds "9"]
[EventCountry "ESP"]
[Source "lmi"]
[SourceDate "2015.08.22"]

1. e4 d5 2. exd5 Qxd5 3. Nc3 Qd8 4. Bc4 c6 5. Nf3 Nf6 6. O-O Bf5 7. h3 h6 8. d4
e6 9. Re1 Be7 10. Bf4 Nbd7 11. Qd2 Nb6 12. Bd3 Bxd3 13. Qxd3 Nbd5 14. Nxd5 Nxd5
15. Bg3 Bd6 16. Bxd6 Qxd6 17. c4 Ne7 18. Rad1 Rd8 19. Qb3 Rd7 20. Ne5 Rc7 21.
Qa4 f6 22. Nf3 a6 23. d5 e5 24. c5 Qxc5 25. d6 Rd7 26. dxe7 Kxe7 27. Rxd7+ Kxd7
28. Qg4+ Ke8 29. Qc8+ 1-0

[Event "Collado Villalba 2015 Torneo B"]
[Site "Collado Villalba (ESP)"]
[Date "2015.08.23"]
[Round "2.21"]
[White "Criado Herrero, Luis"]
[Black "Borovyev, Svytoslav"]
[Result "0-1"]
[WhiteElo "1501"]
[BlackElo "1740"]
[PlyCount "78"]
[EventDate "2015.08.22"]
[EventType "swiss"]
[EventRounds "9"]
[EventCountry "ESP"]
[Source "lmi"]
[SourceDate "2015.08.22"]

1. e4 c5 2. Nf3 e6 3. c3 Nf6 4. Qc2 Nc6 5. d3 d5 6. Bg5 Be7 7. Nbd2 O-O 8. a3
a5 9. Be2 Qc7 10. d4 dxe4 11. Nxe4 Nxe4 12. Bxe7 Qxe7 13. Qxe4 cxd4 14. Bd3 f5
15. Qe2 dxc3 16. bxc3 Qc5 17. c4 e5 18. Nd2 Nd4 19. Qd1 Bd7 20. O-O Rae8 21.
Nb3 Nxb3 22. Qxb3 Bc6 23. Rad1 e4 24. Be2 e3 25. f3 Rd8 26. Kh1 Rfe8 27. Rfe1
Qe5 28. Rd3 Rxd3 29. Qxd3 Re7 30. Qb3 Rd7 31. Bf1 f4 32. Bd3 Ba4 33. Qb1 g6 34.
Be4 Bc6 35. Bxc6 bxc6 36. Qb6 Qc3 37. Rb1 e2 38. Qg1 Qc2 39. Rb8+ Kf7 0-1

[Event "Collado Villalba 2015 Torneo B"]
[Site "Collado Villalba (ESP)"]
[Date "2015.08.23"]
[Round "2.22"]
[White "Fernandez Estremera, Fernando"]
[Black "Lancharro Delgado, Cristina"]
[Result "1/2-1/2"]
[WhiteElo "1672"]
[BlackElo "1461"]
[PlyCount "109"]
[EventDate "2015.08.22"]
[EventType "swiss"]
[EventRounds "9"]
[EventCountry "ESP"]
[Source "lmi"]
[SourceDate "2015.08.22"]

1. d4 d5 2. c4 c6 3. Nc3 Nf6 4. e3 Bf5 5. Qb3 Qb6 6. c5 Qxb3 7. axb3 Nbd7 8. b4
e5 9. Nf3 e4 10. Nd2 Be7 11. b5 O-O 12. bxc6 bxc6 13. b4 Rfb8 14. b5 cxb5 15.
Nxb5 a5 16. Nc7 Ra7 17. Nb5 Raa8 18. Ra4 Nf8 19. Ra3 Bd7 20. Nc3 Ne6 21. f3
exf3 22. Nxf3 Nc7 23. Ne5 Bb5 24. Bxb5 Nxb5 25. Nxb5 Rxb5 26. O-O Rb1 27. Nc6
Kf8 28. Rxa5 Rxa5 29. Nxa5 Ne4 30. Nc6 Bg5 31. h4 Bxh4 32. Ne5 Bf2+ 33. Rxf2
Nxf2 34. Kxf2 Rxc1 35. Nd3 Rc2+ 36. Kf3 g5 37. Nb4 g4+ 38. Kg3 Rb2 39. Nxd5 f5
40. Nf4 Rb3 41. Kf2 Rb2+ 42. Kg3 Rb3 43. Kf2 Rb2+ 44. Kg3 Rb3 45. Nd5 Rb2 46.
Kf4 Rxg2 47. Kxf5 g3 48. Kg4 h5+ 49. Kf3 Rg1 50. Nf4 h4 51. c6 Rf1+ 52. Ke2
Rf2+ 53. Ke1 Ke8 54. d5 Rc2 55. Kf1 1/2-1/2

[Event "Collado Villalba 2015 Torneo B"]
[Site "Collado Villalba (ESP)"]
[Date "2015.08.23"]
[Round "2.23"]
[White "Algaba Traspuesto, Jose Antoni"]
[Black "Orta Vazquez, Mario"]
[Result "1-0"]
[WhiteElo "1611"]
[BlackElo "1409"]
[PlyCount "47"]
[EventDate "2015.08.22"]
[EventType "swiss"]
[EventRounds "9"]
[EventCountry "ESP"]
[Source "lmi"]
[SourceDate "2015.08.22"]

1. e4 c5 2. Nc3 Nc6 3. f4 e6 4. Nf3 d5 5. Bb5 a6 6. Bxc6+ bxc6 7. O-O g6 8. d3
Bg7 9. Qe1 Ne7 10. Na4 O-O 11. Kh1 Rb8 12. Nxc5 dxe4 13. Nxe4 Bb7 14. Qh4 Nf5
15. Qh3 Nd6 16. c3 Nxe4 17. dxe4 f5 18. Ng5 h6 19. Nxe6 Qe7 20. Nxf8 Rxf8 21.
e5 c5 22. Be3 Be4 23. Rad1 c4 24. Rd6 1-0

[Event "Collado Villalba 2015 Torneo B"]
[Site "Collado Villalba (ESP)"]
[Date "2015.08.23"]
[Round "2.24"]
[White "Rico Ropero, Oscar"]
[Black "Elguezabal Selioutin, Dario"]
[Result "1-0"]
[WhiteElo "1457"]
[BlackElo "1610"]
[PlyCount "79"]
[EventDate "2015.08.22"]
[EventType "swiss"]
[EventRounds "9"]
[EventCountry "ESP"]
[Source "lmi"]
[SourceDate "2015.08.22"]

1. c4 e5 2. Nc3 Nf6 3. g3 Nc6 4. Bg2 Bc5 5. Nf3 d6 6. a3 a6 7. e3 Bg4 8. Qc2
O-O 9. O-O Qd7 10. Re1 Rfe8 11. b4 Ba7 12. Bb2 Rad8 13. Ne2 Bf5 14. Qb3 Re7 15.
d4 exd4 16. Nexd4 Nxd4 17. Nxd4 Be4 18. f3 Bg6 19. Rad1 Rde8 20. Kh1 Qc8 21. g4
h5 22. g5 Nd7 23. f4 Be4 24. Qc3 f6 25. gxf6 Bxg2+ 26. Kxg2 Nxf6 27. h3 Ne4 28.
Qd3 Rf8 29. Qe2 Qe8 30. Kh2 Qg6 31. Rg1 Qh6 32. Qg2 Rf6 33. Rde1 h4 34. Nf3
Rfe6 35. f5 Rf6 36. Bxf6 Qxf6 37. Qg6 Qb2+ 38. Rg2 Qxa3 39. f6 Nxf6 40. Qxf6
1-0

[Event "Collado Villalba 2015 Torneo B"]
[Site "Collado Villalba (ESP)"]
[Date "2015.08.23"]
[Round "2.25"]
[White "Perez Ramos, Miguel Angel"]
[Black "Benito Alba, Eladio"]
[Result "0-1"]
[WhiteElo "1358"]
[BlackElo "1598"]
[PlyCount "90"]
[EventDate "2015.08.22"]
[EventType "swiss"]
[EventRounds "9"]
[EventCountry "ESP"]
[Source "lmi"]
[SourceDate "2015.08.22"]

1. e4 c6 2. d4 d5 3. e5 Bf5 4. Nf3 e6 5. Be2 c5 6. O-O Nc6 7. c3 Qb6 8. Na3
cxd4 9. Nb5 a6 10. Nbxd4 Bg6 11. b4 Nxd4 12. Nxd4 Ne7 13. Be3 Qc7 14. Rc1 b5
15. Bf4 Nc6 16. Nxc6 Qxc6 17. Bd3 Bxd3 18. Qxd3 Be7 19. Qe3 O-O 20. Qh3 Qc4 21.
Qg3 Rfc8 22. Bh6 Bf8 23. Bf4 Qxa2 24. Bg5 Rc4 25. Qe3 Rac8 26. Qd2 Qxd2 27.
Bxd2 Re4 28. Be3 Rxe5 29. Rfe1 Re4 30. Red1 Rec4 31. Rd3 Bxb4 32. Bd4 f6 33. f4
Bc5 34. Bxc5 R8xc5 35. Re1 Kf7 36. g3 Rxc3 37. Rdd1 b4 38. Kf2 b3 39. Rb1 a5
40. Ke2 a4 41. Ra1 R5c4 42. Kd2 Rc2+ 43. Kd3 Ke7 44. f5 e5 45. Ke3 R4c3# 0-1

[Event "Collado Villalba 2015 Torneo B"]
[Site "Collado Villalba (ESP)"]
[Date "2015.08.23"]
[Round "2.26"]
[White "Cupeiro Fernandez, Manuel"]
[Black "Bermejo Calvo, Nora"]
[Result "1-0"]
[WhiteElo "1588"]
[BlackElo "1313"]
[PlyCount "103"]
[EventDate "2015.08.22"]
[EventType "swiss"]
[EventRounds "9"]
[EventCountry "ESP"]
[Source "lmi"]
[SourceDate "2015.08.22"]

1. e4 e6 2. d4 d5 3. exd5 exd5 4. Bd3 Bd6 5. h3 Nc6 6. c3 Nf6 7. Nf3 O-O 8. O-O
Bd7 9. Bg5 Be7 10. Qc2 g6 11. Nbd2 Re8 12. Rfe1 Nh5 13. Bxe7 Rxe7 14. Ne5 Nf4
15. Bf1 Qe8 16. Ndf3 Nxe5 17. Rxe5 Rxe5 18. Nxe5 Be6 19. Qd2 Nh5 20. Re1 Qf8
21. Be2 Qg7 22. Bxh5 gxh5 23. Re3 Kf8 24. Rg3 Qf6 25. Qg5 Qxg5 26. Rxg5 f6 27.
Rxh5 fxe5 28. Rxh7 exd4 29. Rh8+ Bg8 30. cxd4 Re8 31. Kf1 Kg7 32. Rh4 Re4 33.
Rxe4 dxe4 34. a3 Kf6 35. Ke2 Kg5 36. Ke3 Bh7 37. g3 Bg6 38. f4+ Kf6 39. g4 Bh7
40. f5 Kg5 41. Kxe4 Bg8 42. Ke5 Bf7 43. d5 Bg8 44. d6 cxd6+ 45. Kxd6 Kh4 46.
Ke7 Kg5 47. f6 Kg6 48. h4 a6 49. h5+ Kg5 50. f7 Bxf7 51. Kxf7 Kxg4 52. h6 1-0

[Event "Collado Villalba 2015 Torneo B"]
[Site "Collado Villalba (ESP)"]
[Date "2015.08.23"]
[Round "2.27"]
[White "Buergo Villanueva, Fernando"]
[Black "Martinez Martinez, Antonio"]
[Result "0-1"]
[WhiteElo "1308"]
[BlackElo "1580"]
[PlyCount "116"]
[EventDate "2015.08.22"]
[EventType "swiss"]
[EventRounds "9"]
[EventCountry "ESP"]
[Source "lmi"]
[SourceDate "2015.08.22"]

1. d4 g6 2. Nf3 d6 3. e3 c6 4. Bd3 Bg7 5. O-O Bg4 6. Re1 Nf6 7. h3 Bd7 8. e4 b5
9. e5 dxe5 10. dxe5 Nd5 11. Nbd2 Na6 12. Nb3 O-O 13. c3 c5 14. c4 bxc4 15. Bxc4
Nac7 16. Qc2 Bf5 17. Qe2 Nb4 18. Rd1 Qc8 19. a3 Nba6 20. Be3 Qb7 21. Na5 Qc8
22. Nc6 Qe8 23. Na5 Qa4 24. Bd2 Nb8 25. b3 Qe8 26. g4 Be6 27. Bxe6 Nxe6 28. Ng5
Nd4 29. Qe4 Nd7 30. Rac1 h6 31. Nf3 Nxf3+ 32. Qxf3 Nxe5 33. Qd5 Rd8 34. Qxc5
Nf3+ 35. Kg2 Nxd2 36. Qe3 Qb5 37. Rxd2 Rxd2 38. Qxd2 Qe5 39. Nc6 Qe4+ 40. Kg1
Kh7 41. Nxa7 Qf3 42. Rc8 Rxc8 43. Nxc8 Qxh3 44. Qb4 Be5 45. f4 Qxg4+ 46. Kf1
Qf3+ 47. Kg1 Qd1+ 48. Kf2 Bd4+ 49. Kg2 Qe2+ 50. Kg3 Qf2+ 51. Kh3 Qf3+ 52. Kh2
Qxf4+ 53. Kg2 Qf2+ 54. Kh3 h5 55. Qb7 Qf5+ 56. Kg2 Qf2+ 57. Kh3 Be5 58. Qg2
Qf5+ 0-1

[Event "Collado Villalba 2015 Torneo B"]
[Site "Collado Villalba (ESP)"]
[Date "2015.08.23"]
[Round "2.28"]
[White "Veuthey Martinez, Eloy"]
[Black "Andrade Sandoval, Marian"]
[Result "1-0"]
[WhiteElo "1557"]
[BlackElo "1291"]
[PlyCount "41"]
[EventDate "2015.08.22"]
[EventType "swiss"]
[EventRounds "9"]
[EventCountry "ESP"]
[Source "lmi"]
[SourceDate "2015.08.22"]

1. d4 d5 2. Nf3 Nf6 3. e3 e6 4. Bd3 Bd6 5. O-O O-O 6. b3 b6 7. Bb2 Bb7 8. Nbd2
Nbd7 9. Ne5 c5 10. f4 Ne4 11. Nxe4 dxe4 12. Bc4 cxd4 13. Bxd4 Qe7 14. Nxd7 Qxd7
15. Qg4 g6 16. Bf6 Be7 17. Rad1 Qc6 18. Bxe7 Rfe8 19. Bf6 Bc8 20. Qh4 b5 21.
Qh6 1-0

[Event "Collado Villalba 2015 Torneo B"]
[Site "Collado Villalba (ESP)"]
[Date "2015.08.23"]
[Round "2.29"]
[White "Lianes Garcia, Alicia"]
[Black "Criado Riesgo, Manuel"]
[Result "1-0"]
[WhiteElo "1277"]
[BlackElo "1535"]
[PlyCount "107"]
[EventDate "2015.08.22"]
[EventType "swiss"]
[EventRounds "9"]
[EventCountry "ESP"]
[Source "lmi"]
[SourceDate "2015.08.22"]

1. e4 c6 2. Nf3 d5 3. exd5 cxd5 4. d4 Nf6 5. Nc3 e6 6. Bg5 Be7 7. Bb5+ Nc6 8.
Ne5 Bd7 9. O-O h6 10. Bf4 Rc8 11. Re1 Bb4 12. Bd2 Bxc3 13. Bxc3 Nxe5 14. dxe5
Ne4 15. Bxd7+ Qxd7 16. Bd4 b6 17. f3 Nc5 18. b4 Nb7 19. c3 Rc4 20. f4 O-O 21.
Re3 Nd8 22. Rg3 Nc6 23. Qg4 g6 24. Qh4 Nxd4 25. cxd4 Kh7 26. Rh3 h5 27. g4 Qd8
28. Qg3 Kh6 29. gxh5 g5 30. fxg5+ Qxg5 31. Qxg5+ Kxg5 32. h6 Rxd4 33. h7 Rh4
34. Rg3+ Rg4 35. h4+ Kxh4 36. Rxg4+ Kxg4 37. Rf1 Rh8 38. Rxf7 a5 39. bxa5 bxa5
40. Kf2 Kg5 41. Re7 Kf5 42. Ke3 Kxe5 43. Kd3 Kd6 44. Ra7 Ke5 45. a4 Kd6 46. Kd4
e5+ 47. Kd3 Kc5 48. Rxa5+ Kb4 49. Ra7 Kc5 50. a5 e4+ 51. Ke3 Kc4 52. a6 Kc5 53.
Rg7 Kb6 54. a7 1-0

[Event "Collado Villalba 2015 Torneo B"]
[Site "Collado Villalba (ESP)"]
[Date "2015.08.23"]
[Round "2.30"]
[White "Fernandez Garcia, Emiliano"]
[Black "Lancharro Delgado, Miguel"]
[Result "1-0"]
[WhiteElo "1534"]
[BlackElo "1247"]
[PlyCount "83"]
[EventDate "2015.08.22"]
[EventType "swiss"]
[EventRounds "9"]
[EventCountry "ESP"]
[Source "lmi"]
[SourceDate "2015.08.22"]

1. d4 d5 2. c4 c6 3. Nc3 Nf6 4. Nf3 e6 5. e3 Nbd7 6. cxd5 exd5 7. Bd3 Bd6 8.
O-O O-O 9. h3 h6 10. Qc2 c5 11. Nb5 c4 12. Nxd6 cxd3 13. Qxd3 Nb6 14. Nb5 Be6
15. Nc3 Re8 16. Ne5 Ne4 17. Nxe4 dxe4 18. Qd1 Qg5 19. f4 exf3 20. Qxf3 Bd5 21.
e4 Bxe4 22. Qxe4 Qe7 23. Qg4 f6 24. Nf3 Qe6 25. Qxe6+ Rxe6 26. Kf2 Rd8 27. Re1
Red6 28. Bf4 R6d7 29. Re6 Nd5 30. Bd2 Kf7 31. Rae1 Nc7 32. R6e2 Nb5 33. Be3 Nc7
34. a4 Nd5 35. Rc1 Nb4 36. Rd2 Nd5 37. Re2 Nb4 38. Ne1 Na2 39. Rc4 a5 40. Nc2
Rd5 41. Rc7+ Kf8 42. Rxb7 1-0

[Event "Collado Villalba 2015 Torneo B"]
[Site "Collado Villalba (ESP)"]
[Date "2015.08.23"]
[Round "2.31"]
[White "Lancharro Perez, Francisco"]
[Black "Salgado Duarte, Pablo"]
[Result "0-1"]
[WhiteElo "1166"]
[BlackElo "1533"]
[PlyCount "126"]
[EventDate "2015.08.22"]
[EventType "swiss"]
[EventRounds "9"]
[EventCountry "ESP"]
[Source "lmi"]
[SourceDate "2015.08.22"]

1. e4 e5 2. Nf3 Nc6 3. Bb5 d6 4. d4 exd4 5. Nxd4 Bd7 6. O-O Nxd4 7. Bxd7+ Qxd7
8. Qxd4 Nf6 9. Re1 Be7 10. Bg5 O-O 11. Nd2 h6 12. Bxf6 Bxf6 13. e5 Be7 14. Re3
Qf5 15. Re4 Rfd8 16. Rf4 Qxc2 17. Qd5 dxe5 18. Qxf7+ Kh7 19. Rc4 Qg6 20. Qxe7
Rxd2 21. h3 Qf5 22. Kh2 Rd7 23. Qb4 b6 24. Re1 c5 25. Qc3 Rd4 26. Qc2 Qxc2 27.
Rxc2 Re8 28. Rce2 a5 29. g3 Kg6 30. f4 e4 31. Kg2 h5 32. g4 b5 33. Kg3 hxg4 34.
hxg4 Kf6 35. Kh4 b4 36. f5 c4 37. Rf1 Rh8+ 38. Kg3 Kg5 39. Rfe1 Re8 40. Rh1
Rd3+ 41. Kf2 Rf3+ 42. Ke1 Rg3 43. Rh7 Kf6 44. Rh4 Re7 45. Kf2 Rf3+ 46. Kg2 Rd3
47. Rh3 a4 48. g5+ Kxg5 49. Rg3+ Rxg3+ 50. Kxg3 Kxf5 51. Re3 Rd7 52. Kh4 Kf4
53. Re2 Kf3 54. Rc2 Rd4 55. Kg5 b3 56. axb3 axb3 57. Rc1 e3 58. Rf1+ Kg2 59.
Re1 Kf2 60. Rh1 Rd2 61. Rh2+ Kg3 62. Rh1 e2 63. Rg1+ Kf2 0-1

[Event "Collado Villalba 2015 Torneo B"]
[Site "Collado Villalba (ESP)"]
[Date "2015.08.24"]
[Round "3.1"]
[White "Guerrero Gonzalez, Francisco"]
[Black "Andrade Sandoval, Jim Carlos"]
[Result "1/2-1/2"]
[WhiteElo "1753"]
[BlackElo "1824"]
[PlyCount "79"]
[EventDate "2015.08.22"]
[EventType "swiss"]
[EventRounds "9"]
[EventCountry "ESP"]
[Source "lmi"]
[SourceDate "2015.08.22"]

1. d4 c5 2. d5 g6 3. c4 Bg7 4. e4 d6 5. Nc3 Nf6 6. f4 O-O 7. Nf3 e6 8. Bd3 exd5
9. cxd5 a6 10. a4 b6 11. O-O Bb7 12. h3 Nbd7 13. g4 h6 14. Be3 Qe7 15. Qd2 Bc8
16. Rae1 Re8 17. Kg2 Nh7 18. e5 dxe5 19. fxe5 Nxe5 20. Nxe5 Bxe5 21. Bf4 Qc7
22. Bxe5 Rxe5 23. Qf4 f6 24. Bxg6 Nf8 25. Qxh6 Rxe1 26. Rxe1 Bb7 27. Bd3 Rd8
28. Be4 Rd7 29. Rf1 Rf7 30. g5 Nd7 31. Rf3 Rg7 32. h4 Qe5 33. Qh5 fxg5 34. Rg3
gxh4 35. Qxh4 Rxg3+ 36. Qxg3+ Qxg3+ 37. Kxg3 Kf7 38. Kf4 Kf6 39. b3 Ne5 40. Bh7
1/2-1/2

[Event "Collado Villalba 2015 Torneo B"]
[Site "Collado Villalba (ESP)"]
[Date "2015.08.24"]
[Round "3.2"]
[White "Calvo De Castro, Miguel"]
[Black "Rodriguez Del Moral, Angel"]
[Result "1-0"]
[WhiteElo "1725"]
[BlackElo "1797"]
[PlyCount "49"]
[EventDate "2015.08.22"]
[EventType "swiss"]
[EventRounds "9"]
[EventCountry "ESP"]
[Source "lmi"]
[SourceDate "2015.08.22"]

1. e4 c5 2. Nf3 Nc6 3. d4 cxd4 4. Nxd4 Nf6 5. Nc3 e6 6. Bg5 Be7 7. f4 a6 8. Qd2
h6 9. Bxf6 Bxf6 10. e5 Be7 11. Nxc6 dxc6 12. Qxd8+ Bxd8 13. Ne4 Ke7 14. O-O-O
Bc7 15. Be2 f6 16. Nd6 Bd7 17. Nxb7 fxe5 18. Nc5 Bc8 19. fxe5 Bxe5 20. Bc4 Bd6
21. Nxe6 Bxe6 22. Rhe1 Bxh2 23. Rxe6+ Kf8 24. Rf1+ Kg8 25. Rxh6# 1-0

[Event "Collado Villalba 2015 Torneo B"]
[Site "Collado Villalba (ESP)"]
[Date "2015.08.24"]
[Round "3.3"]
[White "Sanz Toledano, Alfonso"]
[Black "Andrade Sandoval, Bianca"]
[Result "1-0"]
[WhiteElo "1796"]
[BlackElo "1705"]
[PlyCount "43"]
[EventDate "2015.08.22"]
[EventType "swiss"]
[EventRounds "9"]
[EventCountry "ESP"]
[Source "lmi"]
[SourceDate "2015.08.22"]

1. e4 c5 2. Nf3 e6 3. b4 Qf6 4. e5 Qd8 5. bxc5 Bxc5 6. d4 Bb4+ 7. c3 Ba5 8. Bd3
Ne7 9. O-O O-O 10. Bxh7+ Kh8 11. Bd3 d6 12. Ng5 g6 13. Qf3 Kg7 14. Qf6+ Kg8 15.
Ba3 Nd7 16. Qf4 Kg7 17. Bxd6 Qe8 18. Bb5 Bd8 19. Ne4 Rh8 20. Nf6 Qf8 21. Bxd7
Bxd7 22. Nxd7 1-0

[Event "Collado Villalba 2015 Torneo B"]
[Site "Collado Villalba (ESP)"]
[Date "2015.08.24"]
[Round "3.4"]
[White "De Dompablo Fantova, Juan"]
[Black "Herrero Corada, Jose Ignacio"]
[Result "0-1"]
[WhiteElo "1712"]
[BlackElo "1792"]
[PlyCount "122"]
[EventDate "2015.08.22"]
[EventType "swiss"]
[EventRounds "9"]
[EventCountry "ESP"]
[Source "lmi"]
[SourceDate "2015.08.22"]

1. e4 c6 2. d4 d5 3. exd5 cxd5 4. Bd3 Nc6 5. c3 Nf6 6. Nf3 Bg4 7. h3 Bh5 8. O-O
e6 9. Re1 Be7 10. Bf4 O-O 11. Nbd2 Rc8 12. a4 Qb6 13. Qb1 Bg6 14. Bxg6 hxg6 15.
Ne5 Nxe5 16. Bxe5 Nd7 17. Nf3 Qb3 18. a5 a6 19. Bf4 Nf6 20. Bg5 Bd6 21. Ne5
Bxe5 22. Rxe5 Ne4 23. Bf4 Rc6 24. Rxe4 dxe4 25. Qxe4 Qb5 26. h4 Rc4 27. Bd6 Re8
28. Bb4 Qd5 29. Qg4 Rc6 30. Re1 e5 31. Qg5 Rce6 32. f4 f6 33. Qxg6 exd4 34.
Rxe6 Qxe6 35. Kh2 Qe4 36. Qg4 d3 37. c4 Qe2 38. Qd7 Qe4 39. g3 Qe2+ 40. Kh3
Qe6+ 41. Qxe6+ Rxe6 42. Kg2 Re2+ 43. Kf1 Rxb2 44. Bc5 Rc2 45. Ke1 Rxc4 46. Be3
Rc2 47. Bd2 Ra2 48. Bc3 Rg2 49. Bd4 Rxg3 50. Kd2 Kf7 51. Be3 Rg4 52. Kxd3 Rxh4
53. Ke4 Ke6 54. Kf3 Rh5 55. Bb6 Kf5 56. Bc7 Rh3+ 57. Kg2 Kg4 58. Kf2 Rf3+ 59.
Kg2 Rxf4 60. Bb6 Ra4 61. Kf2 Rb4 0-1

[Event "Collado Villalba 2015 Torneo B"]
[Site "Collado Villalba (ESP)"]
[Date "2015.08.24"]
[Round "3.5"]
[White "Guillo Longares, Cecilia"]
[Black "Barranco Martinez, Gabriel"]
[Result "0-1"]
[WhiteElo "1674"]
[BlackElo "1784"]
[PlyCount "120"]
[EventDate "2015.08.22"]
[EventType "swiss"]
[EventRounds "9"]
[EventCountry "ESP"]
[Source "lmi"]
[SourceDate "2015.08.22"]

1. d4 Nf6 2. c4 e6 3. Nc3 d5 4. cxd5 Nxd5 5. e4 Nxc3 6. bxc3 Nd7 7. Nf3 h6 8.
Bd3 b6 9. O-O Bb7 10. Be3 Be7 11. a4 a5 12. Qc2 c6 13. Rab1 Ba6 14. Bxa6 Rxa6
15. Nd2 O-O 16. Nc4 Qc7 17. Qe2 Ra7 18. Rfd1 Rb7 19. Nd2 f5 20. Qc4 f4 21.
Qxe6+ Rf7 22. d5 fxe3 23. fxe3 cxd5 24. exd5 Nc5 25. Qc6 Qxc6 26. dxc6 Rc7 27.
Rxb6 Nxa4 28. Rb8+ Rf8 29. Rxf8+ Kxf8 30. Ra1 Nxc3 31. Rxa5 Rxc6 32. Ra8+ Kf7
33. Ra7 Kf6 34. Kf2 Bc5 35. Ra1 Re6 36. Nf1 Re5 37. Rc1 Rf5+ 38. Ke1 Bb4 39.
Ra1 Ne4+ 40. Ke2 Rf2+ 41. Kd3 Kf5 42. g4+ Ke5 43. h3 Kd5 44. Rc1 Nc5+ 45. Rxc5+
Bxc5 46. e4+ Ke5 47. Nd2 Rxd2+ 48. Kxd2 Kxe4 49. Ke2 Kf4 50. g5 Kxg5 51. Kf3
Kh4 52. Kg2 Bd6 53. Kg1 Kxh3 54. Kh1 g5 55. Kg1 g4 56. Kh1 Kg3 57. Kg1 Kf3 58.
Kh1 Bc5 59. Kh2 g3+ 60. Kh1 g2+ 0-1

[Event "Collado Villalba 2015 Torneo B"]
[Site "Collado Villalba (ESP)"]
[Date "2015.08.24"]
[Round "3.6"]
[White "Liceras Ruiz, Manuel"]
[Black "Garcia Lopez, Fernando"]
[Result "1-0"]
[WhiteElo "1782"]
[BlackElo "1646"]
[PlyCount "131"]
[EventDate "2015.08.22"]
[EventType "swiss"]
[EventRounds "9"]
[EventCountry "ESP"]
[Source "lmi"]
[SourceDate "2015.08.22"]

1. e4 e5 2. Nf3 Nc6 3. Bb5 a6 4. Ba4 Be7 5. O-O b5 6. Bb3 Nf6 7. Re1 O-O 8. a4
Bb7 9. d3 d6 10. c3 Na5 11. Bc2 c5 12. d4 Nc6 13. d5 Nb8 14. Nbd2 Nbd7 15. Nf1
Qb8 16. Ng3 Re8 17. Nf5 Nf8 18. Nxe7+ Rxe7 19. Bg5 N8d7 20. Nh4 h6 21. Nf5 Re8
22. Be3 Kh7 23. g4 Ng8 24. g5 g6 25. Nxh6 Nxh6 26. gxh6 Qd8 27. Qf3 Rf8 28. Qh3
Nb6 29. axb5 Bc8 30. Qf3 a5 31. b3 Qd7 32. Qf6 Rg8 33. Bd1 Bb7 34. Kh1 Nc8 35.
Rg1 Qe7 36. Qxe7 Nxe7 37. Bf3 f6 38. h4 f5 39. Bg5 Rge8 40. Bxe7 Rxe7 41. exf5
gxf5 42. c4 Kxh6 43. h5 Rg7 44. Rxg7 Kxg7 45. Rg1+ Kh7 46. Bd1 Rg8 47. Rxg8
Kxg8 48. Kh2 Kg7 49. Kg3 Kh6 50. Kh4 e4 51. b6 Bc8 52. Be2 Bb7 53. Bf1 Ba6 54.
Bh3 f4 55. Kg4 e3 56. fxe3 fxe3 57. Kf3 Kxh5 58. Kxe3 Kg5 59. Bd7 Kf6 60. Bc6
Kf5 61. b7 Bxb7 62. Bxb7 Ke5 63. Bc6 Kf5 64. Kf3 Ke5 65. Kg4 Kf6 66. Be8 1-0

[Event "Collado Villalba 2015 Torneo B"]
[Site "Collado Villalba (ESP)"]
[Date "2015.08.24"]
[Round "3.7"]
[White "Fernandez Martinez, Luis"]
[Black "Rodriguez Bachiller, Luis"]
[Result "1-0"]
[WhiteElo "1944"]
[BlackElo "1685"]
[PlyCount "79"]
[EventDate "2015.08.22"]
[EventType "swiss"]
[EventRounds "9"]
[EventCountry "ESP"]
[Source "lmi"]
[SourceDate "2015.08.22"]

1. e4 e5 2. Nc3 Nf6 3. Bc4 Bc5 4. d3 O-O 5. Bg5 c6 6. Nge2 b5 7. Bb3 a5 8. a3
a4 9. Ba2 d6 10. O-O Be6 11. Ng3 h6 12. Be3 Nbd7 13. Bxc5 Nxc5 14. f4 exf4 15.
Rxf4 Bxa2 16. Nxa2 Ne6 17. Rf2 Kh7 18. c3 Qd7 19. Nf5 Ng8 20. Nb4 g6 21. Ne3
Ng7 22. Qf3 Ne6 23. Ng4 Rac8 24. Raf1 Ng5 25. Qe2 Rce8 26. h4 Ne6 27. Nf6+ Nxf6
28. Rxf6 Kg7 29. Qg4 h5 30. Qf3 Re7 31. g4 hxg4 32. Qxg4 Rh8 33. Nc2 Rh5 34.
Ne3 Qa7 35. d4 Nxd4 36. cxd4 Qxd4 37. Qf4 Qxe4 38. Rxf7+ Kg8 39. Qxe4 Rxe4 40.
Rf8+ 1-0